书目信息 |
| 题名: |
绿色建筑评价标准
|
|
| 作者: | 杨建荣 起草 ;上海市建筑科学研究院 (集团) 公司 , 上海市建筑建材业市场管理总站 主编 | |
| 分册: | ||
| 出版信息: | 上海 同济大学出版社 2020.06 |
|
| 页数: | 183页 | |
| 开本: | 21cm | |
| 丛书名: | 上海市工程建设规范 | |
| 单 册: | ||
| 中图分类: | TU201.5-65 | |
| 科图分类: | ||
| 主题词: | ||
| 电子资源: | ||
| ISBN: | 978-7-5608-9277-1 | |
| 000 | 01249nam 2200277 450 | |
| 001 | 2056490375 | |
| 005 | 20201107154135.57 | |
| 010 | @a978-7-5608-9277-1@dCNY50.00 | |
| 100 | @a20200721d2020 em y0chiy50 ea | |
| 101 | 0 | @achi@eeng |
| 102 | @aCN@b310000 | |
| 105 | @ak l 000yy | |
| 200 | 1 | @a绿色建筑评价标准@Alv se jian zhu ping jia biao zhun@d= Assessment standard for green building@f主编单位上海市建筑科学研究院 (集团) 有限公司, 上海市建筑建材业市场管理总站@zeng |
| 210 | @a上海@c同济大学出版社@d2020.06 | |
| 215 | @a183页@d21cm | |
| 225 | 2 | @a上海市工程建设规范@Ashang hai shi gong cheng jian she gui fan |
| 300 | @a2020-03-30发布 2020-07-01实施 | |
| 314 | @a起草人: 杨建荣 ... [等] | |
| 330 | @a为贯彻落实绿色发展理念, 推进本市绿色建筑高质量发展, 节约资源, 保护环境, 满足人民日益增长的美好生活需要, 制定本标准。 | |
| 410 | 0 | @12001 @a上海市工程建设规范 |
| 690 | @aTU201.5-65@v5 | |
| 701 | 0 | @a杨建荣@Ayang jian rong@4起草 |
| 712 | 02 | @a上海市建筑科学研究院 (集团) 公司@Ashang hai shi jian zhu ke xue yan jiu yuan ( ji tuan ) gong si@4主编 |
| 712 | 02 | @a上海市建筑建材业市场管理总站@Ashang hai shi jian zhu jian cai ye shi chang guan li zong zhan@4主编 |
| 801 | 0 | @aCN@b人天书店@c20200925 |
| 905 | @aZUCC@dTU201.5-65@eY205 | |
| 绿色建筑评价标准= Assessment standard for green building/主编单位上海市建筑科学研究院 (集团) 有限公司, 上海市建筑建材业市场管理总站.-上海:同济大学出版社,2020.06 |
| 183页;21cm.-(上海市工程建设规范) |
| 2020-03-30发布 2020-07-01实施 |
| ISBN 978-7-5608-9277-1:CNY50.00 |
| 为贯彻落实绿色发展理念, 推进本市绿色建筑高质量发展, 节约资源, 保护环境, 满足人民日益增长的美好生活需要, 制定本标准。 |
| ● |
| 相关链接 |
|
|
|
正题名:绿色建筑评价标准
索取号:TU201.5-65/Y205
 
预约/预借
| 序号 | 登录号 | 条形码 | 馆藏地/架位号 | 状态 | 备注 |
| 1 | 1486106 | 214861069 | 建筑库101/101建筑库 38排1列4层/ [索取号:TU201.5-65/Y205] | 在馆 | |
| 2 | 1486107 | 214861078 | 建筑库101/101建筑库 38排1列4层/ [索取号:TU201.5-65/Y205] | 在馆 |